| 000 -ლიდერი |
| ფიქსირებული სიგრძის საკონტროლო ველი |
01088nam a2200217Ia 4500 |
| 001 - საკონტროლო ნომერი |
| საკონტროლო ველი |
4359 |
| 003 - საკონტროლო ნომრის იდენტიფიკატორი |
| საკონტროლო ველი |
GE_BSU |
| 005 - ბოლო ოპერაციის თარიღი და დრო |
| საკონტროლო ველი |
20191015161305.0 |
| 008 - ფიქსირებული სიგრძის მონაცემთა ელემენტები - ზოგადი ინფორმაცია |
| ფიქსირებული სიგრძის საკონტროლო ველი |
181216s1983||||ge |||||||||||||| ||geo|| |
| 040 ## - კატალოგიზაციის წყარო |
| Transcribing agency |
GE_BSU |
| 041 ## - ენის კოდი |
| Language code of text/sound track or separate title |
geo |
| 080 ## - უნივერსალური ათობითი კლასიფიკაციის ინდექსი |
| Universal Decimal Classification number |
1+172 ფ–56 |
| 245 ## - ცნობა სათაურის შესახებ |
| Title |
ფილოსოფიური ანთროპოლოგიის საკითხები : |
| Remainder of title |
ნაწ. VII.სტატიების კრებული / |
| Statement of responsibility, etc |
რედ. დ. ქერქაძე. |
| 264 ## - წარმოების, გამოცემის, დისტრიბუციის და სხვა ცნობები |
| გამოცემის, წარმოების, დისტრიბუციის... ადგილი |
თბ. : |
| გამოცემის, წარმოების, დისტრიბუციის... სახელწოდება |
მეცნიერება, |
| გამოცემის, წარმოების, დისტრიბუციის... თარიღი |
1983. |
| 300 ## - ფიზიკური აღწერა |
| Extent |
94 გვ.; |
| Other physical details |
22 სმ. |
| 500 ## - ზოგადი შენიშვნა |
| General note |
ეძღვნება აკად. ანგია ბოჭორიშვილის ნათელ ხსოვნას. |
| 653 ## - INDEX TERM--UNCONTROLLED |
| Uncontrolled term |
ფილოსოფიური ანთროპოლოგიის საკითხები. ნაწ. VII. |
| 700 ## - ADDED ENTRY--PERSONAL NAME |
| Personal name |
ქერქაძე, დ. |
| Relator term |
რედაქტორი |
| 9 (RLIN) |
3560 |
| 710 ## - ADDED ENTRY--CORPORATE NAME |
| Corporate name or jurisdiction name as entry element |
საქ. სსრ მეცნ. აკად., ფილოსოფიის ინ-ტი. |
| 9 (RLIN) |
4728 |
| 942 ## - ADDED ENTRY ELEMENTS (KOHA) |
| Koha item type |
წიგნი |
| Source of classification or shelving scheme |
|